000 00427nam a22001217a 4500
003 OSt
008 250120b |||||||| |||| 00| 0 eng d
041 _aeng
100 _aWorld Energy Conference
_96968
245 _aDo No.8 WG-8d Some Economy and Energy Aspects of Power Plant Unavailability in Developing Countries
260 _aNew Delhi:
_bOrganising Committee 12th Congress of the World Energy Conference,
_c1983.
942 _cBK
999 _c19082
_d19082